000 00880nam a2200253Ia 4500
003 OSt
005 20221005112044.0
006 a|||||r|||| 00| 0
007 ta
008 221004b |||||||| |||| 00| 0 hin d
024 _a108059
037 _cTextual
040 _aCRL
_cCRL
_bhin
041 _2hin
_ahin
082 _aO152,1J50:g, K7
100 _aउप्रेती, भवानीदत्त
245 0 _aनन्ददास
_b जीवनी और काव्य
246 _aNandadāsa: jīvanī aur kāvya
260 _aवाराणासी
_bचौखम्बा विद्या भवन भारत
_c1967
300 _a300पृ0
_ccm.
650 _aहिन्दी साहित्य
942 _hO152,1J50:g, K7
_cTEXL
_2cc
999 _c1023696
_d1023696